शिक्षा का समाजशास्‍त्र (Record no. 28382)

MARC details
000 -LEADER
fixed length control field 00440nam a2200169Ia 4500
008 - FIXED-LENGTH DATA ELEMENTS--GENERAL INFORMATION
fixed length control field 220531s9999 xx 000 0 und d
041 ## - LANGUAGE CODE
Language code of text/sound track or separate title mar
100 ## - MAIN ENTRY--PERSONAL NAME
Personal name गिरी कुसुम
9 (RLIN) 48509
245 ## - TITLE STATEMENT
Title शिक्षा का समाजशास्‍त्र
250 ## - EDITION STATEMENT
Edition statement 1ST
260 ## - PUBLICATION, DISTRIBUTION, ETC. (IMPRINT)
Name of publisher, distributor, etc. Rawat
Date of publication, distribution, etc. 1997
300 ## - PHYSICAL DESCRIPTION
Extent 231
542 ## - INFORMATION RELATING TO COPYRIGHT STATUS
Copyright holder 31-03-2006
650 ## - SUBJECT ADDED ENTRY--TOPICAL TERM
Topical term or geographic name as entry element Sociology
9 (RLIN) 48510
906 ## - LOCAL DATA ELEMENT F, LDF (RLIN)
d 2005-2006
Holdings
Withdrawn status Lost status Source of classification or shelving scheme Damaged status Not for loan Home library Current library Date acquired Vendor Cost, normal purchase price Total Checkouts Total Holds Full call number Barcode Date last seen Bill Date Koha item type Original Barcode
    Dewey Decimal Classification     Shri Siddhivinayak Mahila Mahavidyalaya Shri Siddhivinayak Mahila Mahavidyalaya 31/03/2006 Vaibhav 245.00   1 /-/B/9371 SSMM-BK-9371 06/08/2022 06/08/2022 Books 010009371